| 000 | 00719nam a2200253Ia 4500 | ||
|---|---|---|---|
| 005 | 20251020182524.0 | ||
| 008 | 200515s9999 xx 000 0 und d | ||
| 020 | _a978-958-8564-08-1 | ||
| 082 | _a691.327/S21 | ||
| 100 | _aSánchez de Guzman, Diego | ||
| 245 | 0 | _aDurabilidad y Patología del Concreto | |
| 250 | _a2a ed. | ||
| 260 | _aMéxico, D.F. | ||
| 260 | _bAsocreto | ||
| 260 | _c2011 | ||
| 300 | _bil. | ||
| 500 | _a1 ejemplar | ||
| 520 | _aDurabilidad.- Especificaciones.- Patología.- Acciones físicas.- Acciones Mecánicas.- Acciones Químicas.- Acciones biológicas.- corrosión | ||
| 650 | _aCONCRETO | ||
| 650 | _aDURABILIDAD | ||
| 650 | _aPATOLOGIA | ||
| 942 | _cLIB | ||
| 999 |
_c1836 _d1836 |
||